[Event "Corus"]
[Site "Wijk aan Zee"]
[Date "2003.01.23"]
[Round "10"]
[White "Ivanchuk, Vassily"]
[Black "Timman, Jan H"]
[Result "1-0"]
[WhiteElo "2699"]
[BlackElo "2594"]
[PlyCount "41"]
[EventDate "2003.01.11"]
[Source "ChessBase"]
[SourceDate "2003.04.01"]

1. e4 e5 2. Nf3 Nc6 3. Bb5 a6 4. Ba4 d6 5. O-O Bd7 6. c4 Nf6 7. Nc3 Bg4 8. d4 exd4 9. Ne2 Bxf3 10. gxf3 Nd7 11. Bxc6 bxc6 12. Nxd4 c5 13. Nc6 Qf6 14. Qb3 Rc8 15. Qb7 Nb6 16. a4 d5 17. a5 Bd6 18. axb6 O-O 19. e5 Qg6+ 20. Kh1 Qd3 21. Be3 1-0

[Event "San Francisco"]
[Site "San Francisco"]
[Date "1995.??.??"]
[Round "4"]
[White "De Firmian, Nick E"]
[Black "Huebner, Robert"]
[Result "0-1"]
[WhiteElo "2590"]
[BlackElo "2620"]
[PlyCount "88"]
[EventDate "1995.02.??"]
[Source "ChessBase"]

1. e4 e5 2. Nf3 Nc6 3. Bb5 a6 4. Ba4 d6 5. d4 b5 6. Bb3 Nxd4 7. Nxd4 exd4 8. c3 dxc3 9. Qh5 Qd7 10. Nxc3 Nf6 11. Qe2 Be7 12. O-O O-O 13. h3 Bb7 14. Rd1 Rae8 15. Bf4 Nxe4 16. Nxe4 Qf5 17. Bxd6 Bxd6 18. Nxd6 cxd6 19. Qg4 Qf6 20. Qd7 Re7 21. Qg4 Qxb2 22. Rac1 Qf6 23. Bd5 Bxd5 24. Rxd5 Qb2 25. Rcd1 Qxa2 26. Rxd6 g6 27. R1d2 Qa1+ 28. Kh2 Rfe8 29. Qf4 Re6 30. R6d4 Qc3 31. R2d3 Qc5 32. Rd5 Qe7 33. Rd7 Qf6 34. Qg3 Qe5 35. f4 Qf6 36. f5 R6e7 37. R7d5 Re5 38. Rd6 Qxf5 39. Rxa6 Re1 40. Rf3 Qb1 41. Qf2 Rh1+ 42. Kg3 Qc1 43. Qa7 Qg5+ 44. Kf2 Rf1+ 0-1

[Event "jub30-B corr9196"]
[Site "Finland"]
[Date "1991.??.??"]
[Round "?"]
[White "Kujala, Auvo"]
[Black "Zecha, Gerhard"]
[Result "1/2-1/2"]
[WhiteElo "2645"]
[BlackElo "2525"]
[PlyCount "120"]
[EventDate "1991.??.??"]
[Source "www.chesslib.no"]
[SourceDate "2004.05.04"]

1. e4 e5 2. Nf3 Nc6 3. Bb5 a6 4. Ba4 d6 5. d4 b5 6. Bb3 Nxd4 7. Nxd4 exd4 8. c3 Bb7 9. cxd4 Bxe4 10. O-O Be7 11. Nc3 Bb7 12. Qh5 g6 13. Qe2 Kf8 14. a4 Kg7 15. axb5 axb5 16. Bd2 b4 17. Nd5 Rxa1 18. Rxa1 Bxd5 19. Bxd5 Nf6 20. Bc6 d5 21. Bf4 Bd6 22. Ra8 Qxa8 23. Bxa8 Bxf4 24. Bc6 Rd8 25. g3 Bd6 26. Qb5 Be7 27. Kg2 Bd6 28. h3 Ng8 29. Bxd5 Ne7 30. Bb3 Rf8 31. Qc4 h6 32. Kf3 Nf5 33. Bc2 Ne7 34. Kg2 Ng8 35. Ba4 Ne7 36. h4 Ra8 37. Bb3 Rf8 38. h5 g5 39. Qb5 Kh7 40. Bc2+ Kg7 41. Qd7 f6 42. Bf5 Kh8 43. Kf3 Kg7 44. Ke2 Rf7 45. Be6 Rf8 46. Kd3 Ra8 47. Kc4 Rb8 48. Kb3 Ra8 49. g4 Rb8 50. f3 Rf8 51. Bf5 Rf7 52. Qe6 Rf8 53. Bd3 Rh8 54. Qe4 Kf7 55. Ka4 Kg7 56. Ka5 Kf7 57. Ka6 Kg7 58. Kb7 Kf7 59. Bc4+ Kg7 60. Qe6 Rf8 1/2-1/2

[Event "Yerevan (open)"]
[Site "?"]
[Date "1996.??.??"]
[Round "?"]
[White "Sturua, Z."]
[Black "Malaniuk, Vladimir P"]
[Result "1-0"]
[WhiteElo "2540"]
[BlackElo "2585"]
[PlyCount "81"]
[EventDate "1996.??.??"]
[Source "ChessBase"]
[SourceDate "1996.02.01"]

1. e4 e5 2. Nf3 Nc6 3. Bb5 a6 4. Ba4 d6 5. O-O Bd7 6. c4 Nf6 7. Nc3 Be7 8. Bxc6 Bxc6 9. Re1 O-O 10. d4 Re8 11. h3 h6 12. b3 b6 13. Bb2 Nd7 14. Qc2 Bb7 15. Rad1 Bf8 16. Re2 Rc8 17. dxe5 Nxe5 18. Nxe5 Rxe5 19. Nd5 Re8 20. Rd3 c6 21. Nf4 Qh4 22. Qd2 c5 23. Rg3 Rxe4 24. Qc3 Rd4 25. Rg4 Qf6 26. Qg3 Qf5 27. Bxd4 cxd4 28. Qd3 Qc5 29. Nd5 Bxd5 30. cxd5 Qxd5 31. Rxd4 Qb7 32. Rc4 b5 33. Rxc8 Qxc8 34. Rc2 Qe6 35. Rc6 Qe1+ 36. Qf1 Qe6 37. Rxa6 b4 38. g3 Qe4 39. Qc4 Qf5 40. Kg2 d5 41. Qd4 1-0

[Event "RUS-Cup1 Chigorin mem"]
[Site "St Petersburg"]
[Date "1996.??.??"]
[Round "4"]
[White "Brodsky, Michail"]
[Black "Malaniuk, Vladimir P"]
[Result "1/2-1/2"]
[WhiteElo "2510"]
[BlackElo "2610"]
[PlyCount "39"]
[EventDate "1996.11.??"]
[Source "ChessBase"]

1. e4 e5 2. Nf3 Nc6 3. Bb5 a6 4. Ba4 d6 5. O-O Bd7 6. c4 Nf6 7. Re1 Bg4 8. h3 Bxf3 9. Qxf3 Nd7 10. Bxc6 bxc6 11. Rd1 Be7 12. Nc3 O-O 13. b4 Re8 14. Rb1 Nf8 15. Ne2 Ne6 16. d4 exd4 17. Nxd4 Nxd4 18. Rxd4 Bf6 19. Rd1 Qe7 20. e5 1/2-1/2

[Event "Haifa"]
[Site "?"]
[Date "1989.??.??"]
[Round "?"]
[White "Adams, M."]
[Black "Hort, V."]
[Result "0-1"]
[WhiteElo "2505"]
[BlackElo "2570"]
[PlyCount "74"]
[EventDate "1989.??.??"]
[Source "ChessBase"]
[SourceDate "1989.07.01"]

1. e4 e5 2. Nf3 Nc6 3. Bb5 a6 4. Ba4 d6 5. O-O Bd7 6. c4 g6 7. d4 Bg7 8. Be3 exd4 9. Nxd4 Nf6 10. Nc3 O-O 11. Nxc6 Bxc6 12. Bxc6 bxc6 13. f3 Nd7 14. Qa4 Bxc3 15. bxc3 c5 16. Qc2 Qe7 17. Rae1 Rfe8 18. Bh6 f6 19. f4 Qf7 20. Qd3 Re7 21. f5 g5 22. h4 g4 23. Qd5 Qxd5 24. cxd5 Rae8 25. Rf4 Ne5 26. Re2 Kh8 27. Rff2 Nf7 28. Bf4 Rxe4 29. Rb2 Rc4 30. Rb7 Re7 31. h5 h6 32. Rb3 a5 33. Kh2 a4 34. Rb8+ Kg7 35. Bd2 Ng5 36. Rf4 g3+ 37. Kxg3 Ne4+ 0-1

[Event "Dortmund op-A"]
[Site "Dortmund GER"]
[Date "1993.??.??"]
[Round "4"]
[White "Schmittdiel, Eckhard"]
[Black "Malaniuk, Vladimir P"]
[Result "0-1"]
[WhiteElo "2450"]
[BlackElo "2600"]
[PlyCount "104"]
[EventDate "1993.04.??"]
[Source "www.chesslib.no"]
[SourceDate "2004.05.04"]

1. e4 e5 2. Nf3 Nc6 3. Bb5 a6 4. Ba4 d6 5. d4 b5 6. Bb3 Nxd4 7. Nxd4 exd4 8. Bd5 Rb8 9. Qxd4 Nf6 10. O-O Be7 11. Bc6+ Bd7 12. Bxd7+ Qxd7 13. Nc3 O-O 14. a4 b4 15. Nd5 Nxd5 16. exd5 c5 17. Qc4 Bf6 18. Qxa6 Ra8 19. Qc4 Rxa4 20. Rxa4 Qxa4 21. b3 Qd7 22. Bf4 Re8 23. h3 h6 24. Qd3 Bc3 25. Rd1 g5 26. Bd2 Bxd2 27. Rxd2 Re1+ 28. Kh2 Qe7 29. Qf5 Kg7 30. Qd3 h5 31. Rd1 Qe5+ 32. g3 Re4 33. Qf3 g4 34. Qd3 Rd4 35. Qf1 Qxd5 36. Rxd4 Qxd4 37. hxg4 hxg4 38. Qe2 d5 39. f3 gxf3 40. Qxf3 Kg6 41. Kh3 Qe4 42. Qd1 c4 43. bxc4 dxc4 44. Kh2 c3 45. Qd6+ Kh7 46. Qd1 Kg7 47. Kh3 b3 48. cxb3 c2 49. Qc1 Kg6 50. b4 Qd3 51. Qe1 Qc4 52. Qc1 f5 0-1

[Event "Saraybahce exh 5'"]
[Site "Kocaeli"]
[Date "2002.08.19"]
[Round "1"]
[White "Erdogdu, Mert"]
[Black "Ivanchuk, Vassily"]
[Result "0-1"]
[WhiteElo "2321"]
[BlackElo "2711"]
[PlyCount "88"]
[EventDate "2002.08.17"]
[Source "ChessBase"]
[SourceDate "2002.09.11"]

1. e4 e5 2. Nf3 Nc6 3. Bb5 a6 4. Ba4 d6 5. O-O Bd7 6. c4 g6 7. d4 exd4 8. Nxd4 Bg7 9. Nxc6 Bxc6 10. Nc3 Ne7 11. Be3 O-O 12. Bd4 Bxa4 13. Nxa4 Bxd4 14. Qxd4 b5 15. cxb5 axb5 16. Nc3 c5 17. Qd2 b4 18. Nd5 Nxd5 19. Qxd5 Qf6 20. Rad1 Qxb2 21. Qxd6 Qxa2 22. Qxc5 b3 23. Qd4 b2 24. h4 h5 25. Rb1 Rab8 26. Rfd1 Rfc8 27. Kh2 Rc2 28. g3 Re2 29. Kg2 Qe6 30. e5 Qf5 31. Qf4 Qxf4 32. gxf4 Rc2 33. Kf1 Rb4 34. Kg2 Rxf4 35. Rf1 Rxh4 36. Kf3 Rb4 37. Ke3 Rb3+ 38. Kd4 h4 39. f4 h3 40. e6 fxe6 41. Ke5 Kf7 42. Rfd1 Re2+ 43. Kd6 h2 44. Kc6 Rc3+ 0-1

[Event "Europa ch 2008"]
[Site "Plovdiv BUL"]
[Date "2008.04.21"]
[Round "1.72"]
[White "Sokolov, Andrei"]
[Black "Kapnisis, Spyridon"]
[Result "1-0"]
[WhiteElo "2596"]
[BlackElo "2412"]
[PlyCount "77"]
[EventDate "2008.04.21"]
[Source "www.chesslib.no"]
[SourceDate "2004.05.04"]

1. e4 e5 2. Nf3 Nc6 3. Bb5 a6 4. Ba4 d6 5. h3 Nf6 6. O-O b5 7. Bb3 Na5 8. d3 Be7 9. Bd2 Nxb3 10. axb3 O-O 11. c4 Nd7 12. Nc3 f5 13. Nxb5 Nc5 14. Nc3 Nxd3 15. Be3 Nb4 16. Nd5 Rb8 17. exf5 Rxf5 18. Nxb4 Rxb4 19. Qd5+ Kh8 20. Nd2 c6 21. Qa5 d5 22. Qxd8+ Bxd8 23. Bc5 Rb8 24. Bd6 Rb6 25. g4 Rf7 26. Bxe5 h5 27. f3 Bg5 28. f4 Be7 29. f5 Bg5 30. Bf4 Bf6 31. Rae1 Bd7 32. Be5 hxg4 33. hxg4 dxc4 34. bxc4 Bxe5 35. Rxe5 Rxb2 36. Ne4 c5 37. Rd1 Kg8 38. Ng5 Rf6 39. Rxd7 1-0

[Event "Minsk Int"]
[Site "Minsk BLR"]
[Date "1986.??.??"]
[Round "?"]
[White "Kupreichik, Viktor D"]
[Black "Balashov, Yuri S"]
[Result "1/2-1/2"]
[WhiteElo "2490"]
[BlackElo "2515"]
[PlyCount "40"]
[EventDate "1986.12.??"]
[Source "www.chesslib.no"]
[SourceDate "2004.05.04"]

1. e4 e5 2. Nf3 Nc6 3. Bb5 a6 4. Ba4 d6 5. O-O Bd7 6. c4 Nf6 7. Nc3 Be7 8. d4 Nxd4 9. Nxd4 exd4 10. Bxd7+ Nxd7 11. Qxd4 Bf6 12. Qe3 O-O 13. Nd5 Re8 14. Nxf6+ Nxf6 15. f3 c6 16. Bd2 d5 17. cxd5 cxd5 18. e5 d4 19. Qf4 Nd7 20. Qxd4 Nxe5 1/2-1/2

[Event "Voronez"]
[Site "Voronezh RUS"]
[Date "1987.??.??"]
[Round "?"]
[White "Tolnai, Tibor"]
[Black "Balashov, Yuri S"]
[Result "1/2-1/2"]
[WhiteElo "2475"]
[BlackElo "2525"]
[PlyCount "69"]
[EventDate "1987.09.??"]
[Source "www.chesslib.no"]
[SourceDate "2004.05.04"]

1. e4 e5 2. Nf3 Nc6 3. Bb5 a6 4. Ba4 d6 5. d4 b5 6. Bb3 Nxd4 7. Nxd4 exd4 8. c3 Nf6 9. cxd4 Bb7 10. O-O Be7 11. Re1 O-O 12. Nc3 b4 13. Nd5 Nxd5 14. Bxd5 c6 15. Bb3 c5 16. Bf4 Rc8 17. dxc5 dxc5 18. Qg4 c4 19. Rad1 Qb6 20. Be5 Qg6 21. Qxg6 hxg6 22. Rd7 cxb3 23. axb3 Rfe8 24. Rxb7 Bf8 25. Rc7 Rcd8 26. Bf4 Rxe4 27. Be3 Ree8 28. g3 Rd3 29. Ra1 Rxb3 30. Rxa6 Rxb2 31. Raa7 b3 32. Rab7 f6 33. Rc3 Rb1+ 34. Kg2 b2 35. Rcb3 1/2-1/2

[Event "London WFW"]
[Site "London"]
[Date "1989.??.??"]
[Round "?"]
[White "Watson, William N"]
[Black "Davies, Nigel R"]
[Result "1/2-1/2"]
[WhiteElo "2505"]
[BlackElo "2485"]
[PlyCount "28"]
[EventDate "1989.05.??"]
[Source "ChessBase"]

1. e4 e5 2. Nf3 Nc6 3. Bb5 a6 4. Ba4 d6 5. O-O Bd7 6. c4 Nf6 7. Re1 Be7 8. Bxc6 Bxc6 9. Nc3 O-O 10. d4 exd4 11. Nxd4 Nd7 12. Nxc6 bxc6 13. Qa4 Ne5 14. Rd1 Qb8 1/2-1/2

[Event "Cheliabinsk-A"]
[Site "Chelyabinsk RUS"]
[Date "1991.??.??"]
[Round "?"]
[White "Magomedov, Magaram"]
[Black "Ionov, Sergey"]
[Result "1/2-1/2"]
[WhiteElo "2475"]
[BlackElo "2510"]
[PlyCount "43"]
[EventDate "1991.12.??"]
[Source "www.chesslib.no"]
[SourceDate "2004.05.04"]

1. e4 e5 2. Nf3 Nc6 3. Bb5 a6 4. Ba4 d6 5. O-O Bd7 6. c4 Nf6 7. Nc3 Be7 8. d4 Nxd4 9. Nxd4 exd4 10. Bxd7+ Nxd7 11. Qxd4 Bf6 12. Qd5 Qc8 13. Qd2 Bxc3 14. Qxc3 O-O 15. Be3 Qe8 16. Bd4 f6 17. f3 b6 18. Qd2 Qe6 19. Bf2 b5 20. b3 Rae8 21. a3 Ne5 22. Qd5 1/2-1/2

[Event "Cappelle Open"]
[Site "Cappelle la Grande FRA"]
[Date "1994.??.??"]
[Round "7"]
[White "Timoshenko, Georgy"]
[Black "Magomedov, Magaram"]
[Result "1/2-1/2"]
[WhiteElo "2520"]
[BlackElo "2450"]
[PlyCount "102"]
[EventDate "1994.02.??"]
[Source "www.chesslib.no"]
[SourceDate "2004.05.04"]

1. e4 e5 2. Nf3 Nc6 3. Bb5 a6 4. Ba4 d6 5. O-O Bd7 6. c4 g6 7. d4 Bg7 8. Be3 Nf6 9. d5 Ne7 10. Nc3 O-O 11. Nd2 c5 12. f3 Nh5 13. Rb1 Nf4 14. b4 b5 15. bxc5 bxa4 16. cxd6 Nc8 17. c5 Qg5 18. Bxf4 exf4 19. Ne2 Bb5 20. Kh1 Rd8 21. Rc1 Nxd6 22. cxd6 Rac8 23. Re1 Qe5 24. d7 Rc7 25. Nb1 Rdxd7 26. Nbc3 h5 27. Nxa4 Rxc1 28. Nxc1 Rc7 29. Nb6 Qd6 30. a4 Be8 31. Qb3 Rc3 32. Qb1 Qa3 33. e5 Re3 34. Rf1 Qc3 35. Na2 Qxe5 36. Nc4 Qxd5 37. Nxe3 fxe3 38. Nb4 Qe6 39. Qd3 Bxa4 40. Re1 Bh6 41. Qxa6 Qxa6 42. Nxa6 Bb5 43. Nc5 e2 44. Ne4 h4 45. Nc3 Bd2 46. Nxb5 Bxe1 47. Nd4 Bf2 48. Nxe2 Kg7 49. g3 hxg3 50. hxg3 f5 51. Kg2 Be3 1/2-1/2

[Event "EUCup Gr2"]
[Site "Reykjavik"]
[Date "1999.09.26"]
[Round "3"]
[White "Mortensen, Erling"]
[Black "Gretarsson, Helgi Ass"]
[Result "0-1"]
[WhiteElo "2445"]
[BlackElo "2521"]
[PlyCount "66"]
[EventDate "1999.09.24"]
[Source "www.chesslib.no"]
[SourceDate "2004.05.04"]

1. e4 e5 2. Nf3 Nc6 3. Bb5 a6 4. Ba4 d6 5. d4 b5 6. Bb3 Nxd4 7. Nxd4 exd4 8. c3 dxc3 9. Nxc3 Be7 10. Qh5 g6 11. Qf3 Be6 12. Nd5 c5 13. O-O c4 14. Nxe7 Nxe7 15. Bc2 Nc6 16. Bh6 Nd4 17. Qd1 Qf6 18. f4 Nxc2 19. Qxc2 Qd4+ 20. Kh1 Qd3 21. Qf2 Qxe4 22. Qb6 Kd7 23. Rfe1 Qc6 24. Qd4 Rhe8 25. Red1 Bg4 26. Rd2 Re4 27. Qf6 Rae8 28. h3 Bxh3 29. Rad1 R4e6 30. Qxf7+ R8e7 31. Qg8 Bxg2+ 32. Rxg2 Qf3 33. Rdg1 Re2 0-1

[Event "Julian Borowski 4th-B"]
[Site "Essen"]
[Date "2002.05.18"]
[Round "3"]
[White "Naiditsch, Arkadij"]
[Black "Fleck, Juergen"]
[Result "1/2-1/2"]
[WhiteElo "2557"]
[BlackElo "2408"]
[PlyCount "75"]
[EventDate "2002.05.16"]
[Source "ChessBase"]
[SourceDate "2002.09.20"]

1. e4 e5 2. Nf3 Nc6 3. Bb5 a6 4. Ba4 d6 5. d4 b5 6. Bb3 Nxd4 7. Nxd4 exd4 8. a4 Bb7 9. Qxd4 Nf6 10. Nc3 Be7 11. f3 O-O 12. O-O c5 13. Qf2 Bc6 14. Be3 Qb8 15. Rfd1 Qb7 16. Nd5 Bxd5 17. Bxd5 Nxd5 18. Rxd5 bxa4 19. c3 Rab8 20. Bc1 f5 21. Rxf5 Rxf5 22. exf5 Qb3 23. Qe2 Bf6 24. g4 Kf7 25. Bf4 Re8 26. Qd2 Be5 27. Be3 Qc4 28. f4 Bf6 29. g5 Bxg5 30. fxg5 Qg4+ 31. Qg2 Qxg2+ 32. Kxg2 Rxe3 33. Rxa4 Re5 34. Rxa6 Rxf5 35. Rxd6 Rxg5+ 36. Kf3 Rh5 37. Kg3 Rg5+ 38. Kf3 1/2-1/2

[Event "Tel Aviv"]
[Site "Tel Aviv ISR"]
[Date "1995.??.??"]
[Round "?"]
[White "Gofshtein, Zeev-Alon"]
[Black "Zilberman, Yaacov"]
[Result "1-0"]
[WhiteElo "2465"]
[BlackElo "2490"]
[PlyCount "57"]
[EventDate "1995.??.??"]
[Source "www.chesslib.no"]
[SourceDate "2004.05.04"]

1. e4 e5 2. Nf3 Nc6 3. Bb5 a6 4. Ba4 d6 5. d4 b5 6. Bb3 Nxd4 7. Nxd4 exd4 8. c3 d3 9. Qxd3 Bb7 10. c4 Nf6 11. Nc3 c6 12. Bf4 Be7 13. O-O-O O-O 14. Rhe1 Qb6 15. Bxd6 bxc4 16. Bxc4 Bxd6 17. Qxd6 Qxf2 18. Re2 Qh4 19. Qc7 Qg5+ 20. Kb1 Qc5 21. Bb3 Qa7 22. Red2 c5 23. Qf4 Rae8 24. e5 Qb8 25. Rd6 Nh5 26. Qg5 g6 27. R1d3 Qc8 28. Rxg6+ hxg6 29. Qxg6+ 1-0

[Event "Hoogovens-B"]
[Site "Wijk aan Zee"]
[Date "1971.??.??"]
[Round "?"]
[White "Minic, Dragoljub"]
[Black "Ciocaltea, Victor"]
[Result "1/2-1/2"]
[WhiteElo "2490"]
[BlackElo "2460"]
[PlyCount "43"]
[EventDate "1971.01.??"]
[Source "ChessBase"]

1. e4 e5 2. Nf3 Nc6 3. Bb5 a6 4. Ba4 d6 5. O-O Bd7 6. c4 Nf6 7. Nc3 Be7 8. d4 Nxd4 9. Bxd7+ Nxd7 10. Nxd4 exd4 11. Qxd4 Bf6 12. Qd2 O-O 13. b3 Re8 14. Bb2 Nc5 15. Rfe1 a5 16. Rad1 a4 17. b4 Ne6 18. Nd5 Bxb2 19. Qxb2 a3 20. Qb3 Qg5 21. Qe3 Qxe3 22. Rxe3 1/2-1/2

[Event "IBM-B"]
[Site "Amsterdam"]
[Date "1971.??.??"]
[Round "6"]
[White "Minic, Dragoljub"]
[Black "Ghitescu, Theodor"]
[Result "1/2-1/2"]
[WhiteElo "2490"]
[BlackElo "2460"]
[PlyCount "43"]
[EventDate "1971.07.??"]
[Source "ChessBase"]

1. e4 e5 2. Nf3 Nc6 3. Bb5 a6 4. Ba4 d6 5. O-O Bd7 6. c4 Nf6 7. Nc3 Be7 8. d4 Nxd4 9. Bxd7+ Nxd7 10. Nxd4 exd4 11. Qxd4 Bf6 12. Qd2 O-O 13. b3 a5 14. Bb2 g6 15. Rfe1 Bg7 16. Rad1 Re8 17. Nb5 Bxb2 18. Qxb2 Nc5 19. f3 Qe7 20. Qd2 Kg7 21. Qd4+ f6 22. Nc3 1/2-1/2

[Event "FRG-ch int"]
[Site "Mannheim"]
[Date "1975.??.??"]
[Round "15"]
[White "Minic, Dragoljub"]
[Black "Westerinen, Heikki MJ"]
[Result "0-1"]
[WhiteElo "2475"]
[BlackElo "2475"]
[PlyCount "100"]
[EventDate "1975.??.??"]
[Source "ChessBase"]

1. e4 e5 2. Nf3 Nc6 3. Bb5 a6 4. Ba4 d6 5. O-O Bd7 6. c4 Bg4 7. h3 Bxf3 8. Qxf3 Nf6 9. Nc3 Be7 10. Ne2 O-O 11. Bxc6 bxc6 12. d4 Nd7 13. Bd2 Bf6 14. Bc3 exd4 15. Nxd4 c5 16. Nf5 Re8 17. Rfe1 Bxc3 18. Qxc3 Qf6 19. Qxf6 Nxf6 20. f3 Rab8 21. b3 a5 22. Ne3 a4 23. bxa4 Rb4 24. Reb1 Rxa4 25. Rb7 Rc8 26. Rab1 Kf8 27. Rb8 Ra8 28. Rxc8+ Rxc8 29. Rb5 Ke8 30. e5 dxe5 31. Rxc5 Nd7 32. Ra5 f6 33. Nd5 Nf8 34. Ra7 Ne6 35. Kf2 Kd8 36. Ke3 Rb8 37. f4 exf4+ 38. Ke4 Kd7 39. Nxf4 Nxf4 40. Kxf4 Rb4 41. Ra8 Rxc4+ 42. Kf3 h5 43. Rh8 Rc3+ 44. Kf4 h4 45. Kf5 Rg3 46. Rxh4 Rg5+ 47. Ke4 Rxg2 48. a4 Ke6 49. Kd4 g5 50. Rg4 Rh2 0-1

[Event "HUN-ch"]
[Site "Budapest"]
[Date "1976.??.??"]
[Round "4"]
[White "Sax, Gyula"]
[Black "Tompa, Janos"]
[Result "1-0"]
[WhiteElo "2530"]
[BlackElo "2415"]
[PlyCount "75"]
[EventDate "1976.12.??"]
[Source "ChessBase"]

1. e4 e5 2. Nf3 Nc6 3. Bb5 a6 4. Ba4 d6 5. O-O Bd7 6. c4 g6 7. d4 Bg7 8. Bg5 Nge7 9. dxe5 dxe5 10. Nc3 h6 11. Be3 O-O 12. Nd5 Nd4 13. Bxd7 Nxd5 14. cxd5 Nxf3+ 15. Qxf3 Qxd7 16. Rac1 Rac8 17. Rfd1 Qa4 18. Bc5 Rfd8 19. a3 b6 20. b3 Qe8 21. Be3 c5 22. Qe2 a5 23. Qa6 Rb8 24. b4 cxb4 25. axb4 axb4 26. Rb1 Bf8 27. Bd2 Ra8 28. Qxb6 Ra2 29. Qf6 Rd6 30. Qh4 g5 31. Qg4 Rb6 32. Be3 Rba6 33. h4 f6 34. hxg5 fxg5 35. Rdc1 Qf7 36. Rc8 Ra8 37. d6 Kg7 38. Rc7 1-0

[Event "FRA-chT"]
[Site "FRA"]
[Date "1998.05.10"]
[Round "10"]
[White "Relange, Eloi"]
[Black "Anic, Darko"]
[Result "1/2-1/2"]
[WhiteElo "2490"]
[BlackElo "2455"]
[PlyCount "39"]
[EventDate "1998.02.06"]
[Source "ChessBase"]
[SourceDate "1998.07.07"]

1. e4 e5 2. Nf3 Nc6 3. Bb5 a6 4. Ba4 d6 5. d4 b5 6. Bb3 Nxd4 7. Nxd4 exd4 8. Bd5 Rb8 9. Bc6+ Bd7 10. Bxd7+ Qxd7 11. Qxd4 Nf6 12. O-O Be7 13. a4 O-O 14. axb5 axb5 15. Nc3 b4 16. Nd5 Nxd5 17. Qxd5 Rb5 18. Qc4 Rc5 19. Qd3 Bf6 20. Be3 1/2-1/2

[Event "Tirnava"]
[Site "Trnava"]
[Date "1981.??.??"]
[Round "7"]
[White "Pribyl, Josef"]
[Black "Knaak, Rainer"]
[Result "1/2-1/2"]
[WhiteElo "2435"]
[BlackElo "2495"]
[PlyCount "28"]
[EventDate "1981.03.??"]
[Source "ChessBase"]

1. e4 Nc6 2. Nf3 e5 3. Bb5 a6 4. Ba4 d6 5. d4 b5 6. Bb3 Nxd4 7. Nxd4 exd4 8. c3 Nf6 9. cxd4 Bb7 10. O-O Be7 11. e5 dxe5 12. dxe5 Qxd1 13. Rxd1 Ne4 14. Nc3 Nxc3 1/2-1/2

[Event "Novi Sad ol (Men)"]
[Site "Novi Sad YUG"]
[Date "1990.??.??"]
[Round "6"]
[White "Rodriguez Cespedes, Amador"]
[Black "Reyes, Juan"]
[Result "1-0"]
[WhiteElo "2515"]
[BlackElo "2410"]
[PlyCount "77"]
[EventDate "1990.11.??"]
[Source "www.chesslib.no"]
[SourceDate "2004.05.04"]

1. e4 e5 2. Nf3 Nc6 3. Bb5 a6 4. Ba4 d6 5. O-O Bd7 6. c4 g6 7. d4 Bg7 8. d5 Nb8 9. Nc3 Nf6 10. Bxd7+ Nbxd7 11. Ne1 O-O 12. Nd3 c5 13. Rb1 Qc7 14. Bd2 Nb6 15. b3 Nfd7 16. Qc2 f5 17. f4 Nc8 18. Rbe1 Rf7 19. Qd1 Ne7 20. g4 b5 21. gxf5 gxf5 22. exf5 bxc4 23. bxc4 Rxf5 24. Ne4 Kh8 25. Ng5 Qc8 26. Kh1 Ng6 27. fxe5 Ndxe5 28. Nxe5 Nxe5 29. Qc2 Rxf1+ 30. Rxf1 Ng6 31. Ne6 Qd7 32. Qf5 Be5 33. Bg5 Kg8 34. h4 Bg7 35. h5 Nf8 36. Bf6 Nxe6 37. dxe6 Qb7+ 38. Kh2 Rf8 39. e7 1-0

[Event "Tarrassa"]
[Site "Tarrassa"]
[Date "1989.??.??"]
[Round "?"]
[White "Ivanovic, Bozidar"]
[Black "Pablo Marin, Alejandro"]
[Result "1-0"]
[WhiteElo "2530"]
[BlackElo "2390"]
[PlyCount "89"]
[EventDate "1989.03.??"]
[Source "www.chesslib.no"]
[SourceDate "2004.05.04"]

1. e4 e5 2. Nf3 Nc6 3. Bb5 a6 4. Ba4 d6 5. d4 b5 6. Bb3 Nxd4 7. Nxd4 exd4 8. c3 dxc3 9. Nxc3 Bb7 10. O-O Nf6 11. Qe2 Be7 12. Rd1 O-O 13. e5 Nd7 14. Bf4 Nc5 15. Bc2 d5 16. Qg4 Re8 17. Bh6 g6 18. b4 Nd7 19. f4 Bxb4 20. Ne4 dxe4 21. Rxd7 Bc8 22. Rad1 Qe7 23. e6 Bxd7 24. exf7+ Qxf7 25. Rxd7 Qxa2 26. Qd1 Qb2 27. Qd5+ Kh8 28. Bg7+ Qxg7 29. Rxg7 Kxg7 30. Qd4+ Kh6 31. Qxb4 e3 32. Kf1 e2+ 33. Ke1 c5 34. Qc3 b4 35. Qf6 c4 36. f5 b3 37. Qh4+ Kg7 38. f6+ Kf7 39. Qxc4+ Kxf6 40. Bxb3 Rac8 41. Qxa6+ Kg7 42. Bc4 Kh6 43. g4 Rc5 44. h4 Re4 45. Qd6 1-0

[Event "CRO-Cup"]
[Site "Pula CRO"]
[Date "1993.??.??"]
[Round "7"]
[White "Nurkic, Sahbaz"]
[Black "Sermek, Drazen"]
[Result "1-0"]
[WhiteElo "2425"]
[BlackElo "2495"]
[PlyCount "86"]
[EventDate "1993.??.??"]
[Source "www.chesslib.no"]
[SourceDate "2004.05.04"]

1. e4 e5 2. Nf3 Nc6 3. Bb5 a6 4. Ba4 d6 5. d4 b5 6. Bb3 Nxd4 7. Nxd4 exd4 8. c3 dxc3 9. O-O c5 10. Nxc3 Nf6 11. e5 dxe5 12. Bxf7+ Ke7 13. Bd5 Bg4 14. f3 Nxd5 15. Qxd5 Qxd5 16. Nxd5+ Kd6 17. Rd1 Be6 18. Nb6+ Kc6 19. Nxa8 Be7 20. Re1 Bd6 21. Bf4 exf4 22. Rxe6 Rxa8 23. Rd1 Rd8 24. b3 Kc7 25. Kf1 Rd7 26. Ke2 Rd8 27. Rd5 Kc6 28. Rf5 Rc8 29. Kd3 a5 30. Ke4 Rc7 31. Rd5 Rd7 32. a4 bxa4 33. bxa4 Rd8 34. Rh5 Rb8 35. Rxh7 Rb4+ 36. Kf5 c4 37. Rh8 Kc7 38. Rg6 Rxa4 39. Rxg7+ Kc6 40. Ke6 Ba3 41. Rc8+ Kb5 42. Kd5 c3 43. Rxc3 Bb4 1-0

[Event "Julian Borowski-C 4th"]
[Site "Essen"]
[Date "2002.05.19"]
[Round "4"]
[White "Saltaev, Mihail"]
[Black "Klovans, Janis"]
[Result "1/2-1/2"]
[WhiteElo "2487"]
[BlackElo "2431"]
[PlyCount "33"]
[EventDate "2002.05.16"]
[Source "ChessBase"]
[SourceDate "2002.07.08"]

1. e4 e5 2. Nf3 Nc6 3. Bb5 a6 4. Ba4 d6 5. d4 b5 6. Bb3 Nxd4 7. Nxd4 exd4 8. a4 Bb7 9. Qxd4 c5 10. Qe3 Nf6 11. Nc3 c4 12. Ba2 d5 13. Nxd5 Nxd5 14. exd5+ Be7 15. Bd2 O-O 16. O-O-O Re8 17. Qg3 1/2-1/2

[Event "RUS-Cup"]
[Site "Krasnoiarsk"]
[Date "1998.??.??"]
[Round "2"]
[White "Salinnikov, Denis Y"]
[Black "Yandemirov, Valeri"]
[Result "1/2-1/2"]
[WhiteElo "2370"]
[BlackElo "2545"]
[PlyCount "95"]
[EventDate "1998.??.??"]
[Source "www.chesslib.no"]
[SourceDate "2004.05.04"]

1. e4 e5 2. Nf3 Nc6 3. Bb5 a6 4. Ba4 d6 5. d4 b5 6. Bb3 Nxd4 7. Nxd4 exd4 8. c3 Bb7 9. cxd4 Bxe4 10. O-O Be7 11. Nc3 Bb7 12. a4 Nf6 13. axb5 axb5 14. Rxa8 Qxa8 15. Re1 b4 16. Nb5 Qd8 17. Qe2 h6 18. Na7 Kf8 19. Ba4 Ng8 20. Nc6 Bxc6 21. Bxc6 g6 22. Bd2 Kg7 23. Qc4 Nf6 24. d5 Nh7 25. Ra1 Bf6 26. Qxb4 Qb8 27. Bb7 Qe8 28. Re1 Qb8 29. Qb5 Qa7 30. Be3 Qa2 31. b4 Rb8 32. Qc6 Qb2 33. b5 Ng5 34. Qxc7 Re8 35. Bc6 Rxe3 36. fxe3 Ne4 37. Rf1 Qe2 38. Qa7 Nd2 39. Rc1 Bg5 40. Kh1 Bxe3 41. Qa1+ f6 42. Re1 Qf2 43. Qd1 Nc4 44. Bd7 f5 45. Be6 h5 46. Rf1 Qb2 47. Qa4 Ne5 48. Qh4 1/2-1/2

[Event "Le Havre"]
[Site "Le Havre"]
[Date "1977.??.??"]
[Round "9"]
[White "Ligterink, Gert"]
[Black "Tatai, Stefano"]
[Result "1/2-1/2"]
[WhiteElo "2430"]
[BlackElo "2480"]
[PlyCount "26"]
[EventDate "1977.??.??"]
[Source "www.chesslib.no"]
[SourceDate "2004.05.04"]

1. e4 e5 2. Nf3 Nc6 3. Bb5 a6 4. Ba4 d6 5. O-O Bd7 6. c4 Nf6 7. Nc3 Bg4 8. h3 Bxf3 9. Qxf3 Be7 10. Ne2 O-O 11. Bxc6 bxc6 12. d4 Nd7 13. Be3 Bg5 1/2-1/2